Responses for Show #8914 - Thursday, July 13, 2023

Contestants

[<< previous game]

Dennis Leung, a biotech scientist from Half Moon Bay, California

Kathy Barkey, an engineer from Kingston, New York

Ittai Sopher, a digital journalist and news producer from New Orleans, Louisiana (whose 1-day cash winnings total $12,401)

[next game >>]

Jeopardy! Round responses

FROM THE HEADLINES
LIVE CAMS
EAT IT! WEAR IT! OR SIT ON IT!
NONFICTION
"R" SONG
ANIMAL EXPRESSIONS
    $200 28
(Ittai: What is Berlin?)
(Ken: More specifically?)
(Ittai: What is East Berlin?)

the Berlin Wall

IttaiDennis
    $200 26
(Ittai: What is a parrot?)
(Kathy: What is a hawk?)

wolves

IttaiKathy
Triple Stumper
    $200 25
(Ittai: What is a love seat?)
(Kathy: What is a recliner?)

a bar stool

IttaiKathy
Triple Stumper
    $200 27
Mount Everest

Dennis
    $200 29
(Ittai: And bring it.)
[Laughter]

a rock star

Ittai
    $200 23
to clam up

Kathy
    $400 6
Bonnie & Clyde

Ittai
    $400 21
Pebble Beach

Dennis
    $400 24
kung pao chicken

Dennis
    $400 9
[Ittai did not include the leading preposition in his response.]

On the Origin of Species

Ittai
    $400 30
"R.E.M."

Ittai
    $400 22
a crow's nest

Dennis
    $600 3
(Kathy: What is [*]?)
(Ken: You're correct.)
(Kathy: Helen.)
(Ken: Helens is right.)

Mount St. Helens

Kathy
    $600 20
Etna

Dennis
    $600 19
a bustle

Ittai
    $600 1
Wounded Knee

Dennis
    $600 2
red

Dennis
    $3,200 14
a dog whistle

Dennis
    $800 4
Detroit

Kathy
    $800 11
aurora borealis

Ittai
    $800 18
a slipper

Triple Stumper
    $800 8
Sun Tzu

Kathy
    $800 10
raise your glass

Ittai
    $800 15
a black swan

Dennis
    $1000 5
Spiro Agnew

Kathy
    $1000 13
the Western Wall (Wailing Wall)

Dennis
    $1000 17
cherries jubilee

Kathy
    $1000 7
The Omnivore's Dilemma

Dennis
    $1000 12
"Rapture"

Ittai
    $1000 16
a bull in a china shop

Kathy

Scores at the first commercial break (after clue 14):

Ittai Kathy Dennis
$3,400 $3,200 $6,400

Scores at the end of the Jeopardy! Round:

Ittai Kathy Dennis
$4,000 $5,000 $9,400

Double Jeopardy! Round responses

FLIGHTSEEING ACROSS AMERICA
FLOWERY POETRY & PROSE
MEDICINE
MOVIE BEFORE & AFTER
RELIGIOUS OBJECTS & SYMBOLS
ESPAÑ-O
(Ken: Each response will end with the letter O)
    $400 11
Seattle

Ittai
    $400 25
rubella

Ittai
    $400 28
[The end-of-round signal sounds.]

The Empire Strikes Back to the Future

Dennis
    $400 17
abierto

Ittai
    $800 4
Lake Michigan

Ittai
    $3,100 27
The Orchid Thief

Ittai
    $800 22
the thyroid

Ittai
    $800 24
The Return of the King Kong

Dennis
    $800 26
(Ken: Less than a minute, Ittai.)

a crèche

Triple Stumper
    $800 16
Mayo

Kathy
    $1200 10
Alcatraz

Kathy
    $1200 18
(Ittai: What is a wallflower?)

the daffodil

Ittai
Triple Stumper
    $1200 20
the liver

Dennis
    $1200 7
(Ittai: What is Scott Pilgrim vs. the World's Greatest Dad?)

Scott Pilgrim vs. the World According to Garp

Ittai
Triple Stumper
    $2,000 15
(Ittai: Uh, what is the Sistine Chapel?)

the Shroud of Turin

Ittai
    $1200 6
delicioso

Triple Stumper
    $1600 9
Sedona

Ittai
    $1600 14
Algernon

Ittai
    $1600 13
a phlebotomist

Ittai
    $1600 3
My Fair Lady Day (My Fair Lady Sings the Blues)

Kathy
    $1600 12
a shofar

Ittai
    $1600 5
(Ken: Yes, it's Saturday Night Fever in Spanish.)

Sábado

Ittai
    $2000 8
Punchbowl Crater

Triple Stumper
    $2000 23
the heal-all

Triple Stumper
    $2000 21
gastroenteritis

Triple Stumper
    $2000 1
(Kathy: What is The Good, the Bad and the Ugly Americans?)

The Good, the Bad and the Ugly American

Kathy
Triple Stumper
    $2000 19
Shintoism

Dennis
    $2000 2
Reposado

Triple Stumper

Scores at the end of the Double Jeopardy! Round:

Ittai Kathy Dennis
$13,500 $6,600 $13,800

[wagering suggestions for these scores]

Final Jeopardy! Round responses

FAMOUS SHIPS
(Ken: [To Kathy] Yes, blown up in Havana harbor.)
...
(Ken: [Before revealing Ittai's response] Did he think of [*]? Did he remember [*]? There's the joke.)
KathyWhat is the U S Maine?
$3,300
IttaiWhat is the Maine?
$301
DennisWhat is the Washington?
$13,201
the Maine

Final scores:

Ittai Kathy Dennis
$13,801 $9,900 $599
2-day champion: $26,202 2nd place: $2,000 3rd place: $1,000

Game dynamics:

Coryat scores:

Ittai Kathy Dennis
$13,200 $6,600 $11,200
19 R
(including 1 DD),
6 W
(including 1 DD)
10 R,
3 W
16 R
(including 1 DD),
0 W

Combined Coryat: $31,000

[game clues] [game scores] [suggest correction]

Game tape date: 2023-05-17
The J! Archive is created by fans, for fans. Scraping, republication, monetization, and malicious use prohibited; this site may use cookies and collect identifying information. See terms. The Jeopardy! game show and all elements thereof, including but not limited to copyright and trademark thereto, are the property of Jeopardy Productions, Inc. and are protected under law. This website is not affiliated with, sponsored by, or operated by Jeopardy Productions, Inc. Join the discussion at JBoard.tv.